000 00658nam a2200253Ia 4500
003 OSt
005 20220912150918.0
006 a|||||r|||| 00| 0
007 ta
008 220909b |||||||| |||| 00| 0 eng d
024 _a52622
037 _cTextual
040 _aCSL
_beng
_cCSL
041 _aeng
082 _aJ1, K3 TI
100 _aJanick Jules
245 0 _aHorticultural science
260 _aSan Francisco
_b W H Freeman
_c1963
300 _axi, 472p.
_ccm.
490 _aSeries of books in agriculture science
650 _aAgriculture
942 _hJ1, K3 TI
_cTEXL
_2CC
999 _c57373
_d57373